| 000 | 01144cam a2200241 4500 | ||
|---|---|---|---|
| 008 | 090401t1995 xxu||||| |||| 00| 0 eng d | ||
| 020 | _a1860810020 | ||
| 035 | _a(Sirsi) u58046 | ||
| 041 | _aeng | ||
| 050 | _a690 | ||
| 110 | _aBuilding Research Establishment | ||
| 245 | _aDamage to structures from ground-borne vibration. | ||
| 260 |
_aGarston,Watford _bBuilding Research Establishment _c1995 |
||
| 300 | _a8p. ; 30cm. | ||
| 350 | _a0 | ||
| 490 |
_aBRE Digest _v403 |
||
| 520 | _aGround-borne vibrations from civil engineering, blasting or traffic often cause noticeable vibrations in buildings. Householders are occasionally worried that vibrations might damage their property and this can be a significant cause of distress. Guidance levels for damage from ground-borne vibration were introduced in two British Standards in 1992 and 1993. Provides information on the current UK position concerning damage to buildings. This digest replaces BRE Digest 353 which has now been withdrawn. | ||
| 650 | _aBUILDING DEFECTS | ||
| 650 | _aGROUND VIBRATIONS | ||
| 690 | _aMAPPING AND MEASUREMENT | ||
| 942 | _n0 | ||
| 948 | _c04/03/1997 | ||
| 999 |
_c94016 _d94016 |
||